Українсько-російський словник (Запис № 17293)

000 -Маркер запису
Контрольне поле сталої довжини 01696nam a22002537a 4500
003 - Належність контрольного номера
Контрольне поле Uzh_bibl
008 - Кодовані дані
Контрольне поле сталої довжини 260408b |||||||| |||| 00| 0 ukr d
020 ## - Індекс ISBN
ISBN 978-966-569-259-1
Ціна 144,30
040 ## - Джерело каталогіз.
Код мови каталог. укр.
041 ## - Код мови видання
Код мови оригіналу українська
Код мови тексту українська
-- російська
080 ## - Індекс УДК
Індекс УДК 81
090 ## - Шифри
Поличний індекс 81
Авторський знак Р 75
100 ## - Автор
Автор -
245 ## - Назва
Назва Українсько-російський словник
Продовж. назви 500000 слів та словосполучень
Відповідальність Під загал. ред. Вячеслава Бусела
Фізичний носій Текст
260 ## - Вихідні дані
Місце видання Київ
Видавництво "Перун"
Дата видання 2008
300 ## - Фізичний опис
Обсяг 1848 с.
Ілл./тип відтвор. іл.
Тип одиниці В опр.
520 ## - Анотація
Анотація У словнику вказано основні значення російських та українських слів за сучасним діючим правописом. Відповідники до різних значень розмежовано, що дозволяє вибрати потрібний відповідник; наведено фразеологічні звороти, ілюстративні вислови і словосполучення. Українсько-російський та російсько-український словники містять близько 250 000 одиниць перекладу кожний. разом понад 500 000 слів та словосполучень в одному томі.
521 ## - Примітка про цільове призначення
Примітка про цільове призначення Для широкого кола читачів
546 ## - Примітка про мову
Примітка про мову укр.
-- рос.
650 ## - Тематичні рубрики
Основна рубрика Довідкове видання
653 ## - Ключові слова
Ключові слова 500 000 слів та словосполучень в одному томі.
655 ## - Термін індексування — жанр/форма
Жанр/форма довідкова література
Типове ділення Словник
942 ## - ADDED ENTRY ELEMENTS (KOHA)
Джерело класифікації чи схема поличного розташування
Koha item type Книги
Фонди
Статус вилучення Статус втрати/відсутності Джерело класифікації чи схема поличного розташування Статус пошкодження Тип обігу (не для випозичання) Постійне розташування Поточне розташування Розташування у відділі Дата надходження Інвентарний номер Total Checkouts Повний (примірниковий) шифр зберігання Штрих-код Date last seen Дата, для якої чинна ціна заміни Тип одиниці (рівень примірника)
          Бібліотека-філія №2 Бібліотека-філія №2 Абонемент старший відділ 08/04/2026 58003   81 19598 08/04/2026 08/04/2026 Книги

Працює на АБІС Коха